Historic Homes : Charleston. South Carolina /

Salvato in:
Dettagli Bibliografici
Autore principale: Riggs, Bryan (Autore, Fotografo)
Natura: Libro
Lingua:inglese
Pubblicazione: Charleston : Charleston Postcard Company, 1993
Edizione:1. vydanie
Soggetti:
Tags: Aggiungi Tag
Nessun Tag, puoi essere il primo ad aggiungerne!!

MARC

LEADER 00000nam a22000003a 4500
001 0102052
003 SK-STU
005 20230522113710.1
007 ta
008 230519s ----xo-----e------000-0-----d
020 |a 978-1-56944-007-0 
040 |a STU  |b slo 
041 0 |a eng 
044 |a xxu 
100 1 |a Riggs, Bryan  |4 aut  |4 pht 
245 1 0 |a Historic Homes :  |b Charleston. South Carolina /  |c aut. Bryan Riggs 
250 |a 1. vydanie 
260 |a Charleston :  |b Charleston Postcard Company,  |c 1993 
300 |a 96 s. 
650 0 7 |a obytné budovy 
650 0 7 |a občianske budovy 
650 0 7 |a mestské paláce 
650 0 7 |a historické budovy 
650 0 7 |a vily 
650 0 7 |a Amerika 
996 |b 284AU09715  |c A* 13077/U  |l AAKNAR  |s A  |a 24  |w 0102052_0001